000
00372nam a2200145Ia 4500
008
231129s1993||||xx |||||||||||||| ||spa||
020
_a
958-612-150-X
040
_b
spa
082
_a
Co862 V862r
100
_a
Viviescas Monsalve Victor Raul
245
0
_a
Ruleta rusa
260
_c
1993
264
_a
Colcultura
942
_2
ddc
_c
BKS
999
_c
24210
_d
24210